| 000 | 00600nam a2200181Ia 4500 | ||
|---|---|---|---|
| 003 | GCL | ||
| 008 | 140319s9999 xx 000 0 ara d | ||
| 040 |
_aGCL / _cGCL |
||
| 082 | 0 | 4 |
_a250 _bى ع |
| 100 | 1 | _aابن الوزير، الصنعانى محمد | |
| 245 | 1 | 0 |
_aالعواصم والقواصم فى الذب عن سنه ابى القاسم / _cابن الوزير، الصنعانى محمد |
| 260 |
_a[S.N] : _bمؤسسة الرسالة ، _c1992 |
||
| 490 | _a | ||
| 650 | 0 | 4 | _aالاسلام |
| 650 | 0 | 4 | _aالاجتهاد |
| 650 | 0 | 4 | _aالفقه الاسلامى |
| 942 |
_2ddc _cBK |
||
| 999 |
_c55448 _d55448 |
||